| 000 | 01302cam a22003617a 4500 | ||
|---|---|---|---|
| 003 | CHAP | ||
| 005 | 20220817042328.0 | ||
| 008 | 971013s1984 r 00010 d | ||
| 010 | _a41052 | ||
| 011 | _a42024 | ||
| 035 | _a46151 | ||
| 040 | _cCHAP | ||
| 090 | _aTesis | ||
| 100 | 0 | 0 |
_aMota Sánchez, David. _979068 |
| 245 | 1 | 4 | _aLos extractos acuosos de plantas silvestres como una alternativa para el combate de la conchuela del frijol Epilachna varivestis Muls (Coleoptera: Coccinellidae) |
| 260 |
_aChapingo, Méx. : _bEl autor, _c1984 |
||
| 300 | _a67 h | ||
| 502 | _aTesis (Ing. Agr. Esp. en Parasitología Agrícola) -- UACH. Departamento de Parasitología Agrícola | ||
| 590 |
_aALEPH _b10 _c20130110 _lUCH01 _h1310 |
||
| 590 |
_aBATCH-UPD _b10 _c20130110 _lUCH01 _h1629 |
||
| 590 |
_aBATCH-UPD _b10 _c20130410 _lUCH01 _h1022 |
||
| 590 |
_aBATCH-UPD _b10 _c20130914 _lUCH01 _h1041 |
||
| 590 |
_aCONVERSION _b10 _c20130109 _lUCH01 _h1323 |
||
| 650 | 1 | 4 |
_aControl de plagas. _927595 |
| 650 | 1 | 4 | _aEpilachna varivestis. |
| 650 | 1 | 4 |
_aFrijol _xPlagas. _943415 |
| 650 | 1 | 4 |
_aPlantas insecticidas. _989010 |
| 901 | _aBK | ||
| 942 | _cFOLL | ||
| 949 |
_bBC _cTES _d-105215 _eTS1 _i46151 _si |
||
| 949 |
_bBC _cTES _d-105216 _eTS2 _fc.2 _i46151 _si |
||
| 949 |
_bBC _cTES _d-105217 _eTS2 _fc.3 _h81904 _i46151 _si |
||
| 999 |
_c41052 _d41052 |
||